Hindustan Ki Qadeem Darsgahen (Record no. 1046)

MARC details
000 -LEADER
fixed length control field 00580nam a2200241 a 4500
020 ## - INTERNATIONAL STANDARD BOOK NUMBER
ISBN
082 00 - DEWEY DECIMAL CLASSIFICATION NUMBER
Classification number 297.7
Author Cutter NAD5
100 ## - MAIN ENTRY--AUTHOR NAME
Author name Nadvi, Abul Hasnat
245 ## - TITLE STATEMENT
Title Hindustan Ki Qadeem Darsgahen
260 ## - PUBLICATION, DISTRIBUTION, ETC. (IMPRINT)
Place of publication Azamgarh
Name of publisher Matba Maarif
Year of publication 1936
300 ## - PHYSICAL DESCRIPTION
Number of Pages 124p
500 ## - GENERAL NOTE
General note includes index and biblioraphy
505 2# - FORMATTED CONTENTS NOTE
Formatted contents note Index
650 ## - SUBJECT ADDED ENTRY--TOPICAL TERM
Topical Term Islamic-Education
942 ## - ADDED ENTRY ELEMENTS (KOHA)
Koha item type Books
700 1# -
-- Nadvi, Abul Hasnat
Holdings
Collection code Home library Current library Date acquired Cost, normal purchase price Full call number Accession Number Koha item type
  Henry Martyn Institute Library Henry Martyn Institute Library 07/12/2007 100.00 297.7 NAD5 04452 Books
                   Copyright © 2026 | Henry Martyn Institute | Hyderabad | TS-500052 | INDIA | Implemented by hmi.edu.in
Hit-Count:

Powered by Koha